000 00651nam a2200301Ia 4500
005 20260401122114.0
008 008 250103s9999 xx 000 0 eng d
020 _a571173357
037 _aTB
040 _aEDL
040 _beng
040 _cEDL
041 _2eng
041 _aeng
084 _a791.43 WOO
084 _qEDL
100 _aBjorkman, Stig
_91232616
245 0 _aWoody Allen on Woody Allen
245 0 _cBjorkman, Stig
260 _aLondon
260 _bFaber and Faber
260 _c1995
300 _a288p
942 _cTB
942 _h791.43 WOO
999 _c1844950
_d1844950